[Event "POL-chT U19 1th League"]
[Site "Gorzow Wielkopolski"]
[Date "2008.07.13"]
[Round "9.20"]
[White "Januszewski, Tomasz"]
[Black "Smola, Michal"]
[Result "1/2-1/2"]
[WhiteElo "1981"]
[BlackElo "2188"]
[PlyCount "28"]
[EventDate "2008.07.05"]
[EventType "team-tourn"]
[EventRounds "9"]
[EventCountry "POL"]
[SourceTitle "EXT 2019"]
[Source "ChessBase"]
[SourceDate "2018.10.10"]
[SourceVersion "1"]
[SourceVersionDate "2018.10.10"]
[SourceQuality "1"]
[WhiteTeam "Wroclaw MUKS MDK Srodmiescie U19"]
[BlackTeam "Czarna LKSz GCKiP U19"]
[WhiteTeamCountry "POL"]
[BlackTeamCountry "POL"]

1. b3 Nf6 2. Bb2 g6 3. e4 d6 4. f4 Bg7 5. Nf3 0-0 6. Qe2 c5 7. g3 Nc6 8. Bg2 Rb8 9. a4 a6 10. Na3 b5 11. axb5 axb5 12. Nxb5 Qb6 13. Na3 Ba6 14. d3 e6 1/2-1/2

[Event "POL-chT U19 1th League"]
[Site "Gorzow Wielkopolski"]
[Date "2008.07.08"]
[Round "4.26"]
[White "Kowalski, Lukasz"]
[Black "Januszewski, Tomasz"]
[Result "0-1"]
[WhiteElo "2095"]
[BlackElo "1981"]
[PlyCount "40"]
[EventDate "2008.07.05"]
[EventType "team-tourn"]
[EventRounds "9"]
[EventCountry "POL"]
[SourceTitle "EXT 2019"]
[Source "ChessBase"]
[SourceDate "2018.10.10"]
[SourceVersion "1"]
[SourceVersionDate "2018.10.10"]
[SourceQuality "1"]
[WhiteTeam "Skierniewice KS Piatka U19"]
[BlackTeam "Wroclaw MUKS MDK Srodmiescie U19"]
[WhiteTeamCountry "POL"]
[BlackTeamCountry "POL"]

1. e4 c5 2. Nc3 Nc6 3. f4 g6 4. Nf3 Bg7 5. Bc4 e6 6. f5 Nge7 7. fxe6 fxe6 8. d3 0-0 9. 0-0 d5 10. exd5 exd5 11. Bb3 Kh8 12. Ng5 Bd4+ 13. Kh1 Ne5 14. Rxf8+ Qxf8 15. Nxd5 Ng4 16. Nh3 Nxd5 17. c3 Qd6 18. g3 Nge3 19. Bxe3 Nxe3 20. Qe2 Bg4 0-1

[Event "POL-chT U19 1th League"]
[Site "Gorzow Wielkopolski"]
[Date "2008.07.05"]
[Round "1.8"]
[White "Matusiak, Marcin"]
[Black "Januszewski, Tomasz"]
[Result "1/2-1/2"]
[WhiteElo "2002"]
[BlackElo "1981"]
[PlyCount "88"]
[EventDate "2008.07.05"]
[EventType "team-tourn"]
[EventRounds "9"]
[EventCountry "POL"]
[SourceTitle "EXT 2019"]
[Source "ChessBase"]
[SourceDate "2018.10.10"]
[SourceVersion "1"]
[SourceVersionDate "2018.10.10"]
[SourceQuality "1"]
[WhiteTeam "Jastrzebie Zdroj Pionier U19"]
[BlackTeam "Wroclaw MUKS MDK Srodmiescie U19"]
[WhiteTeamCountry "POL"]
[BlackTeamCountry "POL"]

1. c4 c6 2. Nc3 d5 3. cxd5 cxd5 4. d4 Nc6 5. Nf3 Nf6 6. Bf4 Bg4 7. e3 e6 8. h3 Bh5 9. Be2 Nd7 10. 0-0 a6 11. Rc1 Rc8 12. Re1 Qb6 13. Qd2 Be7 14. Ne5 Ndxe5 15. Bxe5 Bxe2 16. Qxe2 0-0 17. Red1 f5 18. f4 Nxe5 19. fxe5 Qa5 20. Rc2 Bb4 21. Rdc1 Bxc3 22. Rxc3 Rxc3 23. Rxc3 Qxa2 24. Qc2 Qa5 25. Rc8 Qb4 26. Kh2 h6 27. h4 Qb6 28. Rxf8+ Kxf8 29. Qc8+ Kf7 30. Qd7+ Kg8 31. Qe8+ Kh7 32. h5 Qc6 33. Qd8 a5 34. Qxa5 Qe8 35. Qb6 Qxh5+ 36. Kg1 Qf7 37. b4 f4 38. exf4 Qxf4 39. b5 h5 40. Kh1 Qh4+ 41. Kg1 Qe1+ 42. Kh2 h4 43. Qxe6 Qg3+ 44. Kh1 Qe1+ 1/2-1/2

[Event "Polanica Zdroj op-B 43rd"]
[Site "Polanica Zdroj"]
[Date "2007.08.26"]
[Round "10.26"]
[White "Januszewski, Tomasz"]
[Black "Dadello, Krzysztof"]
[Result "1-0"]
[WhiteElo "2028"]
[BlackElo "1835"]
[PlyCount "51"]
[EventDate "2007.08.17"]
[EventType "swiss"]
[EventRounds "10"]
[EventCountry "POL"]
[SourceTitle "EXT 2023"]
[Source "ChessBase"]
[SourceDate "2022.10.05"]
[SourceVersion "1"]
[SourceVersionDate "2022.10.05"]
[SourceQuality "1"]

1. e4 e5 2. d4 exd4 3. Qxd4 Nc6 4. Qe3 Nf6 5. Nc3 Bb4 6. Bd2 d6 7. 0-0-0 Be6 8. f4 Qe7 9. Bb5 a6 10. Ba4 b5 11. Bb3 Bxb3 12. cxb3 0-0 13. Nge2 Rfe8 14. Ng3 a5 15. Nf5 Qf8 16. Nxb5 Bxd2+ 17. Rxd2 Rxe4 18. Qf3 Nb4 19. a3 Na6 20. g4 Nc5 21. Kb1 Qe8 22. Nxc7 Qc6 23. Ne7+ Rxe7 24. Qxc6 Rc8 25. Rxd6 Rexc7 26. Qxc7 1-0

[Event "Polanica Zdroj op-B 43rd"]
[Site "Polanica Zdroj"]
[Date "2007.08.21"]
[Round "5"]
[White "Januszewski, Tomasz"]
[Black "Chrzaszcz, Malvina"]
[Result "0-1"]
[WhiteElo "2028"]
[BlackElo "1872"]
[PlyCount "72"]
[EventDate "2007.08.17"]
[EventType "swiss"]
[EventRounds "10"]
[EventCountry "POL"]
[SourceTitle "CBM 120 Extra"]
[Source "ChessBase"]
[SourceDate "2007.11.01"]
[SourceVersion "1"]
[SourceVersionDate "2007.11.01"]
[SourceQuality "1"]

1. e4 c5 2. Nf3 d6 3. d4 cxd4 4. Nxd4 Nf6 5. Nc3 a6 6. Bg5 e6 7. f4 Be7 8. Qf3 Qc7 9. 0-0-0 Nbd7 10. Bd3 b5 11. Rhe1 h6 12. Bh4 Nb6 13. e5 dxe5 14. fxe5 Nfd5 15. Bxe7 Qxe7 16. Ne4 0-0 17. Qg4 Kh8 18. h4 Nb4 19. a3 Nxd3+ 20. Rxd3 Bb7 21. Rg3 Rg8 22. Nd6 Bd5 23. Qh5 Raf8 24. Rf1 f6 25. Rg6 f5 26. g4 fxg4 27. Rg1 Nc4 28. Nxc4 Bxc4 29. Qxg4 Re8 30. Nf3 Be2 31. Rg3 Rd8 32. Kb1 Qc5 33. Qf4 Rd1+ 34. Ka2 Bc4+ 35. b3 Bxb3+ 36. Kxb3 Rb1+ 0-1

[Event "Polanica Zdroj op-B 43rd"]
[Site "Polanica Zdroj"]
[Date "2007.08.17"]
[Round "1"]
[White "Litwin, Barbara"]
[Black "Januszewski, Tomasz"]
[Result "0-1"]
[WhiteElo "1827"]
[BlackElo "2028"]
[PlyCount "126"]
[EventDate "2007.08.17"]
[EventType "swiss"]
[EventRounds "10"]
[EventCountry "POL"]
[SourceTitle "CBM 120 Extra"]
[Source "ChessBase"]
[SourceDate "2007.11.01"]
[SourceVersion "1"]
[SourceVersionDate "2007.11.01"]
[SourceQuality "1"]

1. d4 d5 2. c4 c6 3. Nc3 Nf6 4. e3 e6 5. Nf3 Nbd7 6. Bd3 dxc4 7. Bxc4 b5 8. Bd3 Bb7 9. e4 a6 10. e5 Nd5 11. Nxd5 exd5 12. 0-0 Be7 13. Re1 0-0 14. Qc2 g6 15. Qe2 Re8 16. e6 Bb4 17. exf7+ Kxf7 18. Qxe8+ Qxe8 19. Rxe8 Rxe8 20. Be3 c5 21. a3 cxd4 22. Bxd4 Bc5 23. Bc3 Nf6 24. b4 Bb6 25. Ng5+ Kg7 26. Nxh7 Kxh7 27. Bxf6 Bxf2+ 28. Kxf2 Rf8 29. Kg1 Rxf6 30. Re1 Kh6 31. Re7 Bc8 32. Re5 Rd6 33. h3 Be6 34. Kf2 d4 35. g4 Kg7 36. Rg5 Bc4 37. Bc2 Rf6+ 38. Ke1 Rf1+ 39. Kd2 Rf2+ 40. Kc1 d3 41. Bd1 Ra2 42. Rc5 d2+ 43. Kb1 Rxa3 44. Rc7+ Kf6 45. Rd7 Rd3 46. Rxd3 Bxd3+ 47. Kb2 Kg5 48. Kc3 Bf1 49. Kxd2 Bxh3 50. Bf3 Bxg4 51. Bb7 Bd7 52. Bxa6 Kf4 53. Kd3 Ke5 54. Bb7 g5 55. Bg2 Kf4 56. Ke2 Kg3 57. Be4 g4 58. Kf1 Kh2 59. Kf2 g3+ 60. Ke3 g2 61. Bxg2 Kxg2 62. Kd4 Kf3 63. Kd5 Bg4 0-1

[Event "Niederschlesien-ch op"]
[Site "Wroclaw"]
[Date "2007.06.27"]
[Round "6"]
[White "Januszewski, Tomasz"]
[Black "Jagodzinski, Piotr"]
[Result "0-1"]
[WhiteElo "2025"]
[BlackElo "2120"]
[PlyCount "52"]
[EventDate "2007.06.25"]
[EventType "swiss"]
[EventRounds "9"]
[EventCountry "POL"]
[SourceTitle "EXT 2011"]
[Source "ChessBase"]
[SourceDate "2010.11.26"]
[SourceVersion "1"]
[SourceVersionDate "2010.11.26"]
[SourceQuality "1"]

1. e4 c6 2. d4 d5 3. f3 e6 4. Nc3 Nd7 5. Be3 Bb4 6. Qd3 dxe4 7. fxe4 Ngf6 8. Nf3 Qa5 9. Be2 e5 10. 0-0 Ng4 11. a3 Be7 12. Bg5 f6 13. b4 Qc7 14. Bh4 exd4 15. Qxd4 Bd6 16. h3 Nge5 17. Nxe5 Bxe5 18. Qc4 Nf8 19. Bh5+ g6 20. Bg4 Bxg4 21. hxg4 g5 22. Bf2 h5 23. Bd4 Bh2+ 24. Kh1 hxg4 25. Bxf6 Bg3+ 26. Kg1 Rh1+ 0-1

[Event "POL-ch U16"]
[Site "Leba"]
[Date "2007.03.31"]
[Round "10"]
[White "Pietocha, Pawel"]
[Black "Januszewski, Tomasz"]
[Result "0-1"]
[WhiteElo "2027"]
[BlackElo "1960"]
[PlyCount "68"]
[EventDate "2007.03.24"]
[EventType "swiss"]
[EventRounds "11"]
[EventCountry "POL"]
[SourceTitle "EXT 2011"]
[Source "ChessBase"]
[SourceDate "2010.11.26"]
[SourceVersion "1"]
[SourceVersionDate "2010.11.26"]
[SourceQuality "1"]

1. Nf3 d5 2. g3 Bg4 3. Bg2 Nd7 4. d3 e6 5. Nbd2 Bd6 6. b3 c6 7. Bb2 e5 8. 0-0 Qe7 9. e4 0-0-0 10. c3 Nc5 11. Qc2 dxe4 12. dxe4 Bc7 13. Ba3 f6 14. b4 Nd7 15. Qa4 Kb8 16. b5 c5 17. Nc4 Nb6 18. Nxb6 axb6 19. Qc2 Nh6 20. Bc1 Nf7 21. a4 Nd6 22. Nd2 Be6 23. Re1 Nc4 24. Nxc4 Bxc4 25. Be3 Qe6 26. Qb2 Rd7 27. Bf1 Rhd8 28. Bxc4 Qxc4 29. a5 Rd3 30. Rec1 Qxe4 31. Qa3 Rxe3 32. axb6 Bxb6 33. Qa2 Re2 34. Qe6 Rxf2 0-1

[Event "POL-ch U16"]
[Site "Leba"]
[Date "2007.03.26"]
[Round "4"]
[White "Puksza, Andrzej"]
[Black "Januszewski, Tomasz"]
[Result "0-1"]
[WhiteElo "1915"]
[BlackElo "1960"]
[PlyCount "90"]
[EventDate "2007.03.24"]
[EventType "swiss"]
[EventRounds "11"]
[EventCountry "POL"]
[SourceTitle "EXT 2011"]
[Source "ChessBase"]
[SourceDate "2010.11.26"]
[SourceVersion "1"]
[SourceVersionDate "2010.11.26"]
[SourceQuality "1"]

1. e4 c5 2. c3 Nf6 3. e5 Nd5 4. d4 cxd4 5. cxd4 d6 6. Bc4 Nb6 7. Bb3 Nc6 8. f4 g6 9. Nf3 Bg7 10. Bd2 dxe5 11. dxe5 Bg4 12. Bxf7+ Kf8 13. Bb3 Nd4 14. Be3 Nxb3 15. Qxb3 Bxf3 16. gxf3 Nd5 17. Bd2 Bh6 18. Qc4 Rc8 19. Qe4 e6 20. h4 b5 21. h5 Kg7 22. Nc3 Rc4 23. Qd3 Nxf4 24. Qxd8 Rxd8 25. Bxf4 Bxf4 26. Ne4 Rc2 27. Rh3 Rxb2 28. Nc5 Bd2+ 29. Kf1 Rd5 30. Nxe6+ Kf7 31. hxg6+ hxg6 32. Nc7 Rxe5 33. Rh7+ Kf6 34. Rd1 Kg5 35. Rf7 Kh4 36. Rf6 g5 37. Ne6 Be3 38. Rd4+ Bxd4 39. Nxd4 g4 40. Rf4 Rb1+ 41. Kg2 Rb2+ 42. Kf1 Rg5 43. Nf5+ Kh3 44. fxg4 Rxg4 45. Rf3+ Kh2 0-1

[Event "Wroclaw-ch 54th"]
[Site "Wroclaw"]
[Date "2006.08.06"]
[Round "9"]
[White "Grossmann, Ryszard"]
[Black "Januszewski, Tomasz"]
[Result "1/2-1/2"]
[WhiteElo "2189"]
[BlackElo "1959"]
[PlyCount "147"]
[EventDate "2006.07.31"]
[EventType "swiss"]
[EventRounds "9"]
[EventCountry "POL"]
[SourceTitle "CBM 113 Extra"]
[Source "ChessBase"]
[SourceDate "2006.09.14"]
[SourceVersion "1"]
[SourceVersionDate "2006.09.14"]
[SourceQuality "1"]

1. d4 d5 2. c4 c6 3. Nc3 Nf6 4. Nf3 e6 5. Bg5 dxc4 6. e4 b5 7. e5 h6 8. Bh4 g5 9. exf6 gxh4 10. a4 Bb4 11. Nxh4 Bb7 12. Be2 Qxf6 13. Nf3 Nd7 14. 0-0 a6 15. Ne4 Qf4 16. Qc2 c5 17. Nxc5 Bxc5 18. dxc5 Nxc5 19. axb5 axb5 20. Rxa8+ Bxa8 21. Qc3 0-0 22. g3 Qe4 23. Qd2 Kh7 24. Re1 Nd3 25. Bxd3 Qxd3 26. Qxd3+ cxd3 27. Nd2 Rc8 28. Rd1 Rc2 29. b3 Rb2 30. f3 Kg6 31. Kf2 Bd5 32. Ke3 Bxb3 33. Ra1 Bc2 34. Ra7 b4 35. Rb7 b3 36. h4 Ra2 37. Nxb3 Rb2 38. Nc5 Rxb7 39. Nxb7 f5 40. Nc5 e5 41. Nd7 e4 42. fxe4 fxe4 43. Nc5 Kf5 44. Nxe4 Kg4 45. Kf2 Bb3 46. Nd2 Bc2 47. Nc4 Kf5 48. Ne3+ Ke4 49. Nf1 Kf5 50. Ne3+ Ke4 51. Nc4 Kd5 52. Nd2 Kd4 53. Kf3 Kc3 54. Ke3 Bd1 55. Ne4+ Kc2 56. Nf2 Be2 57. g4 Bxg4 58. Nxg4 d2 59. Nf2 d1Q 60. Nxd1 Kxd1 61. h5 Kc2 62. Ke4 Kc3 63. Ke5 Kc4 64. Ke6 Kc5 65. Kf7 Kd6 66. Kf6 Kd7 67. Kg6 Ke7 68. Kg7 Ke6 69. Kxh6 Kf6 70. Kh7 Kf7 71. h6 Kf8 72. Kg6 Kg8 73. h7+ Kh8 74. Kh6 1/2-1/2

[Event "Wroclaw-ch 54th"]
[Site "Wroclaw"]
[Date "2006.08.05"]
[Round "8"]
[White "Januszewski, Tomasz"]
[Black "Mondrzycki, Bartlomiej"]
[Result "1/2-1/2"]
[WhiteElo "1959"]
[BlackElo "1879"]
[PlyCount "56"]
[EventDate "2006.07.31"]
[EventType "swiss"]
[EventRounds "9"]
[EventCountry "POL"]
[SourceTitle "CBM 113 Extra"]
[Source "ChessBase"]
[SourceDate "2006.09.14"]
[SourceVersion "1"]
[SourceVersionDate "2006.09.14"]
[SourceQuality "1"]

1. e4 c5 2. Nf3 Nc6 3. d4 cxd4 4. Nxd4 Nf6 5. Nc3 e5 6. Ndb5 d6 7. Bg5 a6 8. Na3 b5 9. Bxf6 gxf6 10. Nd5 Bg7 11. Bd3 Ne7 12. Nxe7 Qxe7 13. c4 f5 14. 0-0 0-0 15. Qf3 bxc4 16. Nxc4 d5 17. exd5 e4 18. Qe3 Bb7 19. d6 Qf6 20. Bc2 f4 21. Qh3 Qg5 22. Rad1 Bd5 23. Rxd5 Qxd5 24. Nb6 Qc6 25. Nxa8 Qxc2 26. Nc7 Qd2 27. Qf5 Qxd6 28. Nd5 e3 1/2-1/2

[Event "Wroclaw-ch 54th"]
[Site "Wroclaw"]
[Date "2006.08.04"]
[Round "7"]
[White "Jasik, Krzysztof"]
[Black "Januszewski, Tomasz"]
[Result "1-0"]
[WhiteElo "2336"]
[BlackElo "1959"]
[PlyCount "45"]
[EventDate "2006.07.31"]
[EventType "swiss"]
[EventRounds "9"]
[EventCountry "POL"]
[SourceTitle "CBM 113 Extra"]
[Source "ChessBase"]
[SourceDate "2006.09.14"]
[SourceVersion "1"]
[SourceVersionDate "2006.09.14"]
[SourceQuality "1"]

1. e4 c5 2. Nf3 d6 3. d4 cxd4 4. Nxd4 Nf6 5. Nc3 a6 6. Bc4 e6 7. Bb3 b5 8. 0-0 Bb7 9. Bg5 Nbd7 10. f4 Qb6 11. Kh1 Nc5 12. f5 Nfxe4 13. Nxe4 Nxe4 14. fxe6 Nxg5 15. exf7+ Kd7 16. a4 Be7 17. a5 Qa7 18. Qg4+ Kc7 19. Rae1 Bf6 20. Rxf6 gxf6 21. Re7+ Kb8 22. Qd7 Rc8 23. Nc6+ 1-0

[Event "Wroclaw-ch 54th"]
[Site "Wroclaw"]
[Date "2006.08.03"]
[Round "5"]
[White "Czyz, Artur"]
[Black "Januszewski, Tomasz"]
[Result "0-1"]
[WhiteElo "1980"]
[BlackElo "1959"]
[PlyCount "95"]
[EventDate "2006.07.31"]
[EventType "swiss"]
[EventRounds "9"]
[EventCountry "POL"]
[SourceTitle "CBM 113 Extra"]
[Source "ChessBase"]
[SourceDate "2006.09.14"]
[SourceVersion "1"]
[SourceVersionDate "2006.09.14"]
[SourceQuality "1"]

1. e4 c5 2. Nf3 d6 3. g3 Nc6 4. Bg2 g6 5. 0-0 Bg7 6. d3 e6 7. c3 Nge7 8. Nbd2 b5 9. Re1 Rb8 10. Nf1 b4 11. d4 bxc3 12. bxc3 cxd4 13. cxd4 0-0 14. Be3 Qa5 15. N1d2 Ba6 16. Nb3 Qa4 17. Nbd2 Qa3 18. Bf1 Rfc8 19. Qc1 Qa4 20. Qd1 Qxd1 21. Rexd1 Bxf1 22. Kxf1 Nb4 23. Bf4 Nc2 24. Bxd6 Nxa1 25. Bxb8 Rxb8 26. Rxa1 Rb2 27. Ke1 Nc6 28. Rc1 Nb4 29. Rc8+ Bf8 30. Ne5 Kg7 31. Rc7 Rxa2 32. Rxf7+ Kg8 33. Rd7 Nc2+ 34. Kd1 Bb4 35. Ndc4 Bc3 36. d5 Nd4 37. Rd8+ Kg7 38. Rd7+ Kh6 39. Ng4+ Kg5 40. f4+ Kxg4 41. Ne5+ Kh3 42. Rxh7+ Kg2 43. Nd3 Rd2+ 44. Kc1 Rxd3 45. dxe6 Nxe6 46. Rxa7 Rd2 47. Ra4 Nc5 48. Ra3 0-1

[Event "Wroclaw-ch 54th"]
[Site "Wroclaw"]
[Date "2006.07.31"]
[Round "1"]
[White "Lercel, Michal"]
[Black "Januszewski, Tomasz"]
[Result "1-0"]
[WhiteElo "2197"]
[BlackElo "1959"]
[PlyCount "39"]
[EventDate "2006.07.31"]
[EventType "swiss"]
[EventRounds "9"]
[EventCountry "POL"]
[SourceTitle "CBM 113 Extra"]
[Source "ChessBase"]
[SourceDate "2006.09.14"]
[SourceVersion "1"]
[SourceVersionDate "2006.09.14"]
[SourceQuality "1"]

1. e4 c5 2. Nf3 d6 3. Bb5+ Nc6 4. 0-0 g6 5. d4 cxd4 6. Qxd4 Nf6 7. e5 Nh5 8. e6 Bg7 9. exf7+ Kd7 10. Qa4 Kc7 11. Nc3 e6 12. Bg5 Qd7 13. Rad1 Qxf7 14. Bxc6 bxc6 15. Rxd6 Kxd6 16. Qa5 Nf6 17. Ne4+ Ke7 18. Qc5+ Kd8 19. Rd1+ Bd7 20. Ne5 1-0

[Event "POL-ch U16"]
[Site "Leba"]
[Date "2006.04.02"]
[Round "11"]
[White "Piechota, Pawel"]
[Black "Januszewski, Tomasz"]
[Result "0-1"]
[WhiteElo "1997"]
[BlackElo "2006"]
[PlyCount "72"]
[EventDate "2006.03.25"]
[EventType "swiss"]
[EventRounds "11"]
[EventCountry "POL"]
[SourceTitle "CBM 111 Extra"]
[Source "ChessBase"]
[SourceDate "2006.05.09"]
[SourceVersion "1"]
[SourceVersionDate "2006.05.09"]
[SourceQuality "1"]

1. d4 Nf6 2. c4 g6 3. Nc3 Bg7 4. e4 d6 5. f3 0-0 6. Bg5 Nbd7 7. Qd2 a6 8. h4 c5 9. d5 h5 10. Be2 Ne5 11. Nh3 b5 12. cxb5 Qa5 13. f4 Neg4 14. Nf2 Nxf2 15. Kxf2 Ng4+ 16. Bxg4 Bxg4 17. Bxe7 Rfe8 18. Bxd6 axb5 19. Rhe1 b4 20. Nd1 Bxd1 21. Raxd1 Bd4+ 22. Kf3 Qxa2 23. Re2 Qa6 24. e5 Qc4 25. Re4 Qxd5 26. Bxc5 Qb3+ 27. Re3 Bxe3 28. Bxe3 Rac8 29. f5 gxf5 30. Qe1 Rc4 31. Qe2 Rc2 32. Qe1 Qc4 33. Bd4 Qd5+ 34. Kf4 Rxg2 35. Bc3 Rg4+ 36. Ke3 Qe4+ 0-1

[Event "POL-ch U16"]
[Site "Leba"]
[Date "2006.03.26"]
[Round "3"]
[White "Januszewski, Tomasz"]
[Black "Winski, Lukasz"]
[Result "1/2-1/2"]
[WhiteElo "2006"]
[BlackElo "2004"]
[PlyCount "112"]
[EventDate "2006.03.25"]
[EventType "swiss"]
[EventRounds "11"]
[EventCountry "POL"]
[SourceTitle "CBM 111 Extra"]
[Source "ChessBase"]
[SourceDate "2006.05.09"]
[SourceVersion "1"]
[SourceVersionDate "2006.05.09"]
[SourceQuality "1"]

1. e4 e6 2. d4 d5 3. Nd2 c5 4. exd5 exd5 5. Ngf3 Nf6 6. Bb5+ Bd7 7. Qe2+ Be7 8. Bxd7+ Nbxd7 9. dxc5 0-0 10. 0-0 Nxc5 11. Nb3 Nce4 12. Nfd4 Qd7 13. Qf3 Rac8 14. c3 Bd6 15. Bf4 Rfe8 16. Bxd6 Qxd6 17. Rfe1 Qe5 18. Qf5 Qb8 19. f3 g6 20. Qh3 Nd6 21. Qh4 Kg7 22. Qf2 Nc4 23. g3 a6 24. Rad1 h5 25. Nc1 Rxe1+ 26. Rxe1 Re8 27. Nd3 Rxe1+ 28. Qxe1 Qd6 29. Kg2 Nd7 30. f4 Nf6 31. b3 Nb6 32. a4 Ne4 33. f5 Nd7 34. fxg6 fxg6 35. Nf4 Qe5 36. Qe3 Kh7 37. Nfe6 Qf6 38. h4 Ne5 39. Ng5+ Nxg5 40. Qxg5 Qd6 41. Qf4 Kg7 42. Nf3 Nf7 43. Qxd6 Nxd6 44. Nd4 Kf6 45. Kf3 Ke5 46. Ke3 Ne4 47. Ne2 Nc5 48. Nf4 Kf5 49. Kd4 Ne4 50. Nxd5 Nxg3 51. Ne3+ Ke6 52. b4 Ne2+ 53. Kd3 Nf4+ 54. Ke4 Ne2 55. Kd3 Nf4+ 56. Ke4 Ne2 1/2-1/2

[Event "Polanica Zdroj op-D 41st"]
[Site "Polanica Zdroj"]
[Date "2005.08.24"]
[Round "6"]
[White "Grzesiak, Filip"]
[Black "Januszewski, Tomasz"]
[Result "1/2-1/2"]
[WhiteElo "1847"]
[BlackElo "1921"]
[PlyCount "58"]
[EventDate "2005.08.19"]
[EventType "swiss"]
[EventRounds "9"]
[EventCountry "POL"]
[SourceTitle "EXT 2008"]
[Source "ChessBase"]
[SourceDate "2007.11.25"]
[SourceVersion "1"]
[SourceVersionDate "2007.11.25"]
[SourceQuality "1"]

1. e4 c5 2. c3 e5 3. Bc4 Nc6 4. Nf3 Qc7 5. d3 Nf6 6. Nbd2 Be7 7. 0-0 d6 8. Nb3 a6 9. a4 0-0 10. Qe2 Nd8 11. Bd2 Be6 12. Bxe6 Nxe6 13. Bg5 Nxg5 14. Nxg5 h6 15. Nf3 Nd7 16. Nfd2 f5 17. d4 Kh8 18. dxe5 Nxe5 19. Nc4 f4 20. f3 g5 21. a5 Rg8 22. Nb6 Raf8 23. Nd5 Qd7 24. Rad1 Qe6 25. Nd2 g4 26. fxg4 Rxg4 27. Nf3 Rfg8 28. Rf2 Ng6 29. Nxe7 Qxe7 1/2-1/2

[Event "Polanica Zdroj op-D 41st"]
[Site "Polanica Zdroj"]
[Date "2005.08.21"]
[Round "3"]
[White "Januszewski, Tomasz"]
[Black "Walczak, Krystian"]
[Result "1-0"]
[WhiteElo "1921"]
[BlackElo "1950"]
[PlyCount "91"]
[EventDate "2005.08.19"]
[EventType "swiss"]
[EventRounds "9"]
[EventCountry "POL"]
[SourceTitle "EXT 2008"]
[Source "ChessBase"]
[SourceDate "2007.11.25"]
[SourceVersion "1"]
[SourceVersionDate "2007.11.25"]
[SourceQuality "1"]

1. e4 d5 2. exd5 Qxd5 3. Nc3 Qa5 4. d4 Nf6 5. Bc4 Bf5 6. Bd2 c6 7. Qe2 e6 8. d5 cxd5 9. Nxd5 Qd8 10. Nxf6+ Qxf6 11. Bb5+ Nc6 12. Bxc6+ bxc6 13. Qa6 Qe5+ 14. Ne2 Qb5 15. Qxb5 cxb5 16. Nd4 a6 17. Nxf5 exf5 18. 0-0-0 0-0-0 19. Be3 Be7 20. Rxd8+ Rxd8 21. Rd1 Bf6 22. Rxd8+ Kxd8 23. c3 Kd7 24. Kc2 Kd6 25. Kd3 g5 26. Bd4 Be7 27. c4 Kc6 28. Kc3 h5 29. b4 bxc4 30. Kxc4 Bd6 31. h3 g4 32. a4 f4 33. b5+ Kb7 34. f3 gxh3 35. gxh3 axb5+ 36. axb5 Kc7 37. Kd5 Kd7 38. Be5 Be7 39. Bxf4 Bd8 40. Be3 Bc7 41. Bd4 Ke7 42. b6 Bd8 43. b7 Bc7 44. Be5 Kd7 45. b8Q Bxb8 46. Bxb8 1-0